000 01438nam a2200349 4500
001 346
003 OSt
005 20250528074018.0
008 250331b |||||||e |||| 00| 1 eng d
040 _bpor
041 _hfre
_apor
082 _a843
_bC211e
100 1 _aCamus, Albert,
_d1913-1960
_9215
240 _aL´Étranger
245 _aO estrangeiro /
_cCamus, Albert ; Tradução de Antonio Quadros
260 _aSão Paulo
_bAbril
_c1972
300 _a154 p.
490 1 _aOs imortais da Literatura Universal
_vvol. 49
520 _a"O Estrangeiro", tão popular porque, à parte ser a seca narrativa das desventuras de Mersault, condenado à morte por matar um árabe a troco de nada, é também a narrativa das desventuras de um homem do século XX. Uma autobiografia de todo mundo. Mersault leva uma vida banal; recebe, indiferentemente, a notícia da morte da mãe; comete o crime; é preso; julgado; tudo gratuito, sem sentido, apenas mais um homem arrastado pela correnteza da vida e da História.
650 0 _aLiteratura francesa
_9122
650 0 _aFilosofia
_94
650 0 _aAbsurdismo
_9661
650 0 _aExistencialismo
_9217
650 0 _aAuto Conhecimento
_919
650 0 _aDrama
_918
650 0 _aClássicos
_977
655 0 _aRomance
_923
655 0 _aFicção
_922
700 _aAntonio Quadros
_eTradução
_9721
830 _aOs Imortais da Literatura Universal
_9461
_vvol. 49
942 _2ddc
_n0
_cBK
999 _c346
_d346